Software Testing and Continuous Quality Improvement / (Record no. 13372)
[ view plain ]
| 000 -LEADER | |
|---|---|
| fixed length control field | 01953cam a22003494a 4500 |
| 001 - CONTROL NUMBER | |
| control field | 11875309 |
| 005 - DATE AND TIME OF LATEST TRANSACTION | |
| control field | 20060816140019.0 |
| 008 - FIXED-LENGTH DATA ELEMENTS--GENERAL INFORMATION | |
| fixed length control field | 991222s2009 flua |rb 001 0 eng |
| 010 ## - LIBRARY OF CONGRESS CONTROL NUMBER | |
| LC control number | 99086186 |
| 020 ## - INTERNATIONAL STANDARD BOOK NUMBER | |
| International Standard Book Number | 9781420080735 (alk. paper) |
| 040 ## - CATALOGING SOURCE | |
| Original cataloging agency | DLC |
| Transcribing agency | DLC |
| Modifying agency | DLC |
| 042 ## - AUTHENTICATION CODE | |
| Authentication code | pcc |
| 050 00 - LIBRARY OF CONGRESS CALL NUMBER | |
| Classification number | QA76.76.T48 |
| Item number | L495 2000 |
| 082 00 - DEWEY DECIMAL CLASSIFICATION NUMBER | |
| Classification number | 005.14 |
| Edition number | 22 |
| Item number | LEW |
| 100 1# - MAIN ENTRY--PERSONAL NAME | |
| Personal name | Lewis, William E. |
| 9 (RLIN) | 11320 |
| 245 10 - TITLE STATEMENT | |
| Title | Software Testing and Continuous Quality Improvement / |
| Statement of responsibility, etc | William E. Lewis; Technical contributers David Dobbs, Gunasejaran Veerapillai |
| 250 ## - EDITION STATEMENT | |
| Edition statement | 3rd ed. |
| 260 ## - PUBLICATION, DISTRIBUTION, ETC. (IMPRINT) | |
| Place of publication, distribution, etc | Boca Raton : |
| Name of publisher, distributor, etc | CRC press; Taylor & francis group, 2009 |
| Date of publication, distribution, etc | 2009 |
| 300 ## - PHYSICAL DESCRIPTION | |
| Extent | xxxv, 655 p. : |
| Other physical details | ill. ; |
| Dimensions | 24 cm. |
| 504 ## - BIBLIOGRAPHY, ETC. NOTE | |
| Bibliography, etc | Includes bibliographical references (p. 629-632) and index. |
| 650 #0 - SUBJECT ADDED ENTRY--TOPICAL TERM | |
| Topical term or geographic name as entry element | Computer software |
| General subdivision | Testing |
| -- | Standards. |
| 9 (RLIN) | 11321 |
| 650 #0 - SUBJECT ADDED ENTRY--TOPICAL TERM | |
| Topical term or geographic name as entry element | Computer software |
| General subdivision | Quality control |
| -- | Standards. |
| 9 (RLIN) | 11322 |
| 700 ## - ADDED ENTRY--PERSONAL NAME | |
| 9 (RLIN) | 11755 |
| Personal name | Veerapillai, Gunasekaran |
| 700 ## - ADDED ENTRY--PERSONAL NAME | |
| 9 (RLIN) | 11756 |
| Personal name | Dobbs, David D. |
| 856 42 - ELECTRONIC LOCATION AND ACCESS | |
| Materials specified | Publisher description |
| Uniform Resource Identifier | <a href="http://www.loc.gov/catdir/enhancements/fy0665/99086186-d.html">http://www.loc.gov/catdir/enhancements/fy0665/99086186-d.html</a> |
| 942 ## - ADDED ENTRY ELEMENTS (KOHA) | |
| Source of classification or shelving scheme | Dewey Decimal Classification |
| Item type | Book - Borrowing |
| Withdrawn status | Item status | Source of classification or shelving scheme | Damaged status | Not for loan | Vendor | Home library | Current library | Shelving location | Date acquired | Source of acquisition | Cost, normal purchase price | Serial Enumeration / chronology | Total Checkouts | Total Renewals | Full call number | Barcode | Date last seen | Date last borrowed | Koha item type |
|---|---|---|---|---|---|---|---|---|---|---|---|---|---|---|---|---|---|---|---|
| Dewey Decimal Classification | Alahram | Central Library | Central Library | Lower Floor | 14/02/2010 | 518.00 | 37 | 6 | 99 | 005.14 LEW | 000019648 | 15/07/2025 | 27/05/2018 | Book - Borrowing | |||||
| Dewey Decimal Classification | Alahram | Central Library | Central Library | Lower Floor | 23/02/2010 | 518.00 | 33 | 005.14 LEW | 000019963 | 15/07/2025 | NB - Book (Non borrowing) | ||||||||
| Dewey Decimal Classification | Alahram | Central Library | Central Library | Lower Floor | 23/02/2010 | 005.14 LEW | 000019979 | 24/08/2022 | CD | DVD - With book | ||||||||||
| Dewey Decimal Classification | Alahram | Central Library | Central Library | Lower Floor | 02/04/2012 | 005.14 LEW | 000026565 | 24/08/2022 | CD | DVD - With book |